000 01555nam a2200361Ia 4500
001 ebr10056070
003 CaPaEBR
006 m u
007 cr cn|||||||||
008 010924s2002 bccabc sb 001 0 eng d
020 _z0774850159
020 _z0774808608
040 _aCaPaEBR
_cCaPaEBR
035 _a(OCoLC)80219054
050 1 4 _aE78.B9
_bC53 2002eb
082 0 4 _a306/.089/970074
_221
100 1 _aClavir, Miriam,
_d1948-
245 1 0 _aPreserving what is valued
_h[electronic resource] :
_bmuseums, conservation, and First Nations /
_cMiriam Clavir.
260 _aVancouver :
_bUBC Press,
_cc2002.
300 _axxiv, 295 p. :
_bill., map, ports.
490 1 _aA UBC Museum of Anthropology research publication
504 _aIncludes bibliographical references (p. [271]-285) and index.
533 _aElectronic reproduction.
_bPalo Alto, Calif. :
_cebrary,
_d2009.
_nAvailable via World Wide Web.
_nAccess may be limited to ebrary affiliated libraries.
650 0 _aIndians of North America
_zBritish Columbia
_xAntiquities
_xCollection and preservation.
650 0 _aCultural property
_xConservation and restoration.
650 0 _aAnthropological museums and collections.
650 0 _aMuseums
_xSocial aspects.
650 0 _aMuseum conservation methods.
655 7 _aElectronic books.
_2local
710 2 _aebrary, Inc.
830 0 _aUBC Museum of Anthropology Research publication.
856 4 0 _uhttp://site.ebrary.com/lib/rucke/Doc?id=10056070
_zAn electronic book accessible through the World Wide Web; click to view
999 _c72319
_d72319